| 000 | 00562cam a22001457a 4500 | ||
|---|---|---|---|
| 008 | 180718b2010 xxu||||| |||| 00| 0 eng d | ||
| 082 | _aAPPPA 2009-10/KAB | ||
| 100 | _aKabra, Shaleen | ||
| 245 |
_aPreventing entry into poverty due to health shocks: an exploratory analysis _cby Shaleen Kabra |
||
| 260 |
_aNew Delhi _bIndian Institute of Public Administration _c2010 |
||
| 300 | _a79p. | ||
| 500 | _aAn APPPA M. Phil dissertation, 2009-10 (Guide: Prof. Aasha Kapur Mehta) | ||
| 650 | _aPoor --Medical care --India | ||
| 650 | _aPoor --Health and hygiene --India | ||
| 999 |
_c501955 _d501955 |
||